Statistics for 2003 Champions League Final Juventus - AC Milan

Click here to take the quiz!

General Stats

  • This quiz has been taken 337 times
  • The average score is 18 of 30

Answer Stats

Player% Correct
Gianluigi Buffon
96%
Paolo Maldini
96%
Dida
95%
Andrea Pirlo
93%
Alessandro Nesta
92%
Andriy Shevchenko
89%
Alessandro Del Piero
88%
Gennaro Gattuso
88%
Filippo Inzaghi
87%
Clarence Seedorf
85%
David Trezeguet
72%
Carlo Ancelotti
70%
Rui Costa
68%
Gianluca Zambrotta
54%
Lilian Thuram
53%
Marcello Lippi
53%
Alessandro Costacurta
50%
Mauro Camoranesi
48%
Edgar Davids
47%
Kakha Kaladze
45%
Antonio Conte
41%
Massimo Ambrosini
40%
Serginho
35%
Alessio Tacchinardi
32%
Paolo Montero
32%
Ciro Ferrara
30%
Igor Tudor
28%
Marcelo Zalayeta
23%
Alessandro Birindelli
20%
Roque Júnior
16%

Score Distribution

Percentile by Number Answered

Percent of People with Each Score

Your Score History

You have not taken this quiz